<?xml version="1.0" encoding="UTF-8"?>
<resp>
  <nextPage>https://data.bn.org.pl/api/networks/bibs.marcxml?marc=001+b00001150003763&amp;sinceId=1150003764</nextPage>
  <collection>
    <record xmlns='http://www.loc.gov/MARC21/slim'><leader>01083namZa2200361ZiZ4500</leader><controlfield tag='001'>b00001150003763</controlfield><controlfield tag='005'>20241203214431.4</controlfield><controlfield tag='008'>230609s        pl           |000 0 pol c</controlfield><controlfield tag='009'>9913261262005606</controlfield><datafield ind1=' ' ind2=' ' tag='020'><subfield code='a'>9788371328855</subfield></datafield><datafield ind1=' ' ind2=' ' tag='020'><subfield code='a'>8371328850</subfield></datafield><datafield ind1=' ' ind2=' ' tag='035'><subfield code='a'>KR_1KR_1_20120317225004023957-48omnis_kr</subfield></datafield><datafield ind1=' ' ind2=' ' tag='035'><subfield code='a'>KR_1_20120317225004023957</subfield><subfield code='9'>ExL</subfield></datafield><datafield ind1=' ' ind2=' ' tag='035'><subfield code='a'>(PL)b00001150003763</subfield></datafield><datafield ind1=' ' ind2=' ' tag='040'><subfield code='a'>KR_1</subfield><subfield code='c'>KR_1</subfield></datafield><datafield ind1='1' ind2=' ' tag='041'><subfield code='a'>pol</subfield><subfield code='h'>ger</subfield></datafield><datafield ind1='1' ind2=' ' tag='100'><subfield code='a'>Forte, Dieter</subfield></datafield><datafield ind1='1' ind2='0' tag='245'><subfield code='a'>Wzór /</subfield><subfield code='c'>Dieter Forte ; przeł. z niem. Eliza Borg i Maria Przybyłowska.</subfield></datafield><datafield ind1=' ' ind2=' ' tag='260'><subfield code='a'>Katowice :</subfield><subfield code='b'>&quot;Książnica&quot;,</subfield><subfield code='c'>2006.</subfield></datafield><datafield ind1=' ' ind2=' ' tag='300'><subfield code='a'>255 s. ;</subfield><subfield code='c'>18 cm.</subfield></datafield><datafield ind1='1' ind2=' ' tag='490'><subfield code='a'>&quot;Książnica&quot; Kieszonkowa</subfield></datafield><datafield ind1=' ' ind2=' ' tag='500'><subfield code='a'>p</subfield></datafield><datafield ind1=' ' ind2='9' tag='650'><subfield code='a'>Powieść angielska</subfield><subfield code='y'>20 w.</subfield></datafield><datafield ind1='1' ind2=' ' tag='700'><subfield code='a'>Borg, Eliza.</subfield><subfield code='e'>Tł.</subfield></datafield><datafield ind1='1' ind2=' ' tag='700'><subfield code='a'>Przybyłowska, Maria.</subfield><subfield code='e'>Tł.</subfield></datafield><datafield ind1=' ' ind2=' ' tag='852'><subfield code='b'>48OMNIS_NETWORK</subfield><subfield code='8'>9913261262005606</subfield></datafield><datafield ind1=' ' ind2=' ' tag='852'><subfield code='b'>48OMNIS_KR</subfield><subfield code='8'>991000037619708216</subfield></datafield><datafield ind1=' ' ind2=' ' tag='920'><subfield code='a'>978-83-7132-885-5</subfield></datafield><datafield ind1=' ' ind2=' ' tag='920'><subfield code='a'>83-7132-885-0</subfield></datafield></record>
  </collection>
</resp>
